| 000 | 00434nam a2200169Ia 4500 | ||
|---|---|---|---|
| 008 | 210210b1952 xxu||||| |||| 00| 0 eng d | ||
| 041 | _aeng | ||
| 082 | _a791/6 | ||
| 100 | _aANDERSON (Foust) | ||
| 245 | _aBasketball techniques illustrated | ||
| 260 |
_aNew York _bThe Ronald Press Co. _c1952 |
||
| 650 | _atechniques | ||
| 650 | _aillustrated | ||
| 650 | _aBasketball | ||
| 690 | _aAthletic & Outdoor Sports | ||
| 906 | _a011052 | ||
| 999 |
_c139146 _d139146 |
||